000 02253nam a2200265Ia 4500
003 OSt
005 20211004161102.0
008 210310s1983 ck gr 000 0 spa d
040 _aCO-JMCR
_cCO-JMCR
041 0 _aspa
082 0 4 _a338.17373 /
_bA662b
_223
100 1 _aArango, Mariano,
_eautor
_928773
245 1 0 _aBonanza de precios y transformaciones en la industria cafetera. Antioquia, 1975-1980
_cMariano Arango, Rafael Aubad, Jaime Piedrahita
260 _c1983
300 _b#N/A
440 _a#N/A
_928774
505 0 _aConcentración e la tierra en la zona cafetera. -- Aprovechamiento de la tierra en la zona cafetera. -- Superficie cafetera. -- Tecnología y rendimiento de café. -- Costos y producción. -- Algunas características en el comportamiento del productos agropecuarios diferentes al café. -- La fuerza del trabajo en el sector cafetero. -- Ingreso de las explotaciones. -- Política cafetera y compras de café 1975-1980. -- Diferenciación regional y entre productos en las condiciones de comercialización del café. -- Canales de distribución de bienes y de crédito para las explotaciones cafeteras.
520 0 _aEl presente estudio pretende examinar los impactos que, sobre la industria cafetera del Departamento de Antioquia ejerció el período de bonanza que se experimentó entre 1975 y 1977 y la posterior "destorcida" de precios de 1978 a 1980. El cultivo del café está sometido a ciclos y sus transformaciones estructurales se producen por saltos y no de manera insensible y continua. Por su enorme importancia económica los cambios en los parámetros de la industria cafetera determinan modificaciones profundas en el campo colombiano y en primer lugar en las regiones donde predomina. La anterior consideración justifica por si sola este estudio que pretende esclarecer el sentido y la magnitud de esos cambios para el caso del primer departamento productor del país.
650 1 4 _aComercialización del café
_y1975-1980.
_zColombia
_940912
650 2 4 _aIndustria cafetera
_y1975-1980.
_zColombia
_940913
650 2 4 _aTransformación cafetera
_y1975-1980.
_zColombia
_940914
700 1 _aAubad, Rafael,
_eautor
_940915
700 1 _aPiedrahita, Jaime,
_eautor
_940916
942 _2ddc
_cBK
999 _c12630
_d12630